Statistiques concernant Equipe de France de football 2016

Cliquez ici pour prendre le quiz!

Statistiques générales

  • Ce quiz a été pris 3 848 fois
  • Le résultat moyen est 24 sur 39

Statistiques - réponses

PlayerPostClubTime Played% Correct
Paul PogbaMFJuventus / Manchester United1408'
99%
Hugo LlorisGKTottenham Hostpur1200'
98%
Antoine GriezmannFWAtletico Madrid1119'
97%
Dimitri PayetFWWest Ham United1172'
91%
N'Golo KantéMFLeicester City / Chelsea FC785'
90%
Raphaël VaraneDFReal Madrid675'
90%
Blaise MatuidiMFParis SG1165'
87%
André-Pierre GignacFWTigres425'
86%
Olivier GiroudFWArsenal FC914'
86%
Steve MandandaGKMarseille / Crystal Palace270'
86%
Samuel UmtitiDFLyon / FC Barcelona307'
80%
Laurent KoscielnyDFArsenal FC1400'
76%
Kingsley ComanFWBayern Munich438'
75%
Alphonse AréolaGKParis SG0'
74%
Ousmane DembéléFWBorussia Dortmund93'
72%
Patrice EvraDFJuventus1013'
72%
Anthony MartialFWManchester United329'
69%
Presnel KimpembeDFParis SG0'
68%
Moussa SissokoMFNewcastle United / Tottenham Hotspur843'
67%
Adrien RabiotMFParis SG78'
61%
Bacary SagnaDFManchester City957'
61%
Djibril SidibéDFMonaco493'
61%
Lucas DigneDFAS Roma / FC Barcelona143'
59%
Adil RamiDFSevilla FC630'
58%
Thomas LemarMFMonaco12'
56%
Benoit CostilGKRennes90'
52%
Nabil FékirFWLyon52'
50%
Aymeric LaporteDFAthletic Bilbao0'
48%
Mamadou SakhoDFLiverpool FC90'
47%
Yohan CabayeMFCrystal Palace126'
47%
Eliaquim MangalaDFManchester City / Valencia CF18'
43%
Jérémy MathieuDFFC Barcelona45'
37%
Christophe JalletDFLyon90'
34%
Kévin GameiroFWAtletico Madrid221'
34%
Layvin KurzawaDFParis SG359'
32%
Morgan SchneiderlinMFManchester United0'
26%
Lassana DiarraMFMarseille180'
24%
Geoffrey KondogbiaMFInter Milan0'
18%
Sébastien CorchiaDFLille20'
12%

Distribution des résultats

Percentile par nombre de réponses

% des personnes avec chaque résultat

Votre développement - résultats

Vous n’avez pas pris ce quiz